00458nam a2200169 a 450000100060000000300090000600800410001501500210005602000150007704000280009208200130012024500440013326000430017730000370022065000100025765100210026726013CO-ViMGA141112s2004 ck r 000 u spa d ack - 1999 - xxxx a9589417096 aCO-ViMGAbspacCO-ViMGA04aR912 A7410aAtlas de Colombia y universal, Contexto aColombia : bContexto Editores, c2009 a142, [2] p. : il., mapas ; 28 cm14aAtlas aColombia - Mapas